000 00690cab a22001815a 4500
001 L148659
008 091015s20090307xxk f 000 0 eng d
035 _a(Sirsi) u148659
041 0 _aeng
100 1 _aMayer, Peter
245 0 0 _aWhat it costs
_bcurtain wall glazing
260 _c2009
490 _aBuilding
_v274(8586) 3 July 2009, 65(1)
520 _aCurtain wall glazing specifications and costs. Considers the features of an effective system including solar control, thermal insulation and self-cleaning. The specification options mention capital cost, life-cycle cost and expected service life.
590 _aKA
690 _aBUILT ENVIRONMENT-BUILDING ELEMENTS
942 _n0
999 _c81922
_d81922